|
|
|
|
| LEADER |
00000nam0a2200000 4500 |
| 001 |
34129 |
| 005 |
20231030223838.0 |
| 010 |
|
|
|a 5217012811
|
| 035 |
|
|
|a (RuTPU)RU\TPU\book\34507
|
| 035 |
|
|
|a BOOK00001158
|
| 090 |
|
|
|a 34129
|
| 100 |
|
|
|a 20011210d1991 km y0rusy50 ca
|
| 101 |
0 |
|
|a rus
|
| 102 |
|
|
|a RU
|
| 105 |
|
|
|a y z 000zy
|
| 200 |
1 |
|
|a Основы теории и расчета информационно-измерительных систем
|f О. В. Новоселов, А. Ф. Фомин
|
| 205 |
|
|
|a 2-е изд., перераб. и доп.
|
| 210 |
|
|
|a Москва
|c Машиностроение
|d 1991
|
| 215 |
|
|
|a 336 с.
|
| 610 |
1 |
|
|a измерительные системы
|
| 610 |
1 |
|
|a цифровые системы
|
| 610 |
1 |
|
|a информационно-измерительные системы
|
| 610 |
1 |
|
|a теория
|
| 610 |
1 |
|
|a расчеты
|
| 675 |
|
|
|a 681.518.3
|v 3
|
| 700 |
|
1 |
|a Новоселов
|b О. В.
|g Олег Васильевич
|
| 701 |
|
1 |
|a Фомин
|b А. Ф.
|g Алексей Федорович
|
| 801 |
|
0 |
|a RU
|b 63413507
|c 20011210
|g PSBO
|
| 801 |
|
2 |
|a RU
|b 63413507
|c 20150525
|g PSBO
|
| 900 |
|
|
|a Информационно-измерительные системы
|
| 900 |
|
|
|a Измерительные информационные системы
|
| 942 |
|
|
|c BK
|